000
00262nam a2200097Ia 4500
008
241105s9999 xx 000 0 und d
041
_a
eng
100
_a
Kulkarni Priyanka
245
_a
Designing Of Sub Market Yard Uruli Devachi Pune.
260
_b
BNCA, Pune
_c
2019
999
_c
361834
_d
361834